LEADER 01086nam0-22003491i-450- 001 990004340670403321 005 20130204172803.0 035 $a000434067 035 $aFED01000434067 035 $a(Aleph)000434067FED01 035 $a000434067 100 $a19990604d1964----km-y0itay50------ba 101 1 $aita$ceng 102 $aIT 105 $ay-------001yy 200 1 $a<>Croce e i Fasci$ecattolici e fascismo in Italia$fRichard A. Webster 210 $aMilano$cFeltrinelli$d1964 215 $a283 p.$d23 cm 225 1 $a<>fatti e le idee$v114 454 0$12001$a<>cross and the fasces$eChristian democracy and fascism in Italy$921503 610 0 $aDemocrazia cristiana 610 0 $aPartito popolare$a1919-1926 610 0 $aMovimento cattolico$aItalia$a1870-1926 676 $a324.2450822 700 1$aWebster,$bRichard Allen$0107222 801 0$aIT$bUNINA$gRICA$2UNIMARC 901 $aBK 912 $a990004340670403321 952 $a324.24 WEB 1$bIst.st.ris.26$fFLFBC 959 $aFLFBC 996 $aCross and the fasces$921503 997 $aUNINA LEADER 01125nam0-22003131i-450- 001 990005635800403321 005 20121012121539.0 035 $a000563580 035 $aFED01000563580 035 $a(Aleph)000563580FED01 035 $a000563580 100 $a19990604d1979----km-y0itay50------ba 101 0 $aeng 105 $aa---b---00--- 200 1 $aVenetian Seventeenth Century Painting$ea loan exhibition from collections in Britain and Ireland$e5 september to 30 november 1979$fcatalogue by Homan Potterton 210 $aLondon$cpublished by order of the Trustees Publications Department, National Gallery$d1979 215 $a159 p.$cill.$d25 cm 610 0 $aPittura veneziana$aSec. 17.$aEsposizioni$a1979 676 $a759.531 702 1$aPotterton,$bHoman 712 10$aNational gallery$c 801 0$aIT$bUNINA$gRICA$2UNIMARC 901 $aBK 912 $a990005635800403321 952 $a759.531 MOSTRE LONDRA 1979$bST.ARTE 14048$fFLFBC 952 $a759.531 MOSTRE LONDRA 1979 BIS$bBibl.60711$fFLFBC 959 $aFLFBC 996 $aVenetian Seventeenth Century Painting$9605321 997 $aUNINA LEADER 01031nam0-2200313 --450 001 9910329858803321 005 20190716140336.0 010 $a978-88-6250-694-6 020 $aIT$b2018-1102 100 $a20190716d2017----kmuy0itay5050 ba 101 0 $aita 102 $aIT 105 $a 001yy 200 1 $a<>genocidio degli yazidi$el'Isis e la persecuzione degli adoratori del diavolo$fSimone Zoppellaro$gprefazione di Riccardo Noury 210 $aMilano$cGuerini e Associati$d2017 215 $a129 p.$cill.$d17 cm 225 1 $aFrammenti di un discorso mediorientale$v6 610 0 $aYazidi$aGenocidio$aIraq$a2014 610 0 $aViolenza sessuale$aVittime [:] Donne yazide$aIraq$a2014 676 $a956.704431$v23$zita 700 1$aZoppellaro,$bSimone$0765963 702 1$aNoury,$bRiccardo 801 0$aIT$bUNINA$gREICAT$2UNIMARC 901 $aBK 912 $a9910329858803321 952 $aCOLLEZ. 2567 (6)$b828/2019$fFSPBC 959 $aFSPBC 996 $aGenocidio degli yazidi$91557860 997 $aUNINA LEADER 04353 am 2200817 n 450 001 9910495793703321 005 20240104030454.0 010 $a2-7535-6966-5 024 7 $a10.4000/books.pur.135948 035 $a(CKB)4100000008710916 035 $a(FrMaCLE)OB-pur-135948 035 $a(PPN)267962150 035 $a(EXLCZ)994100000008710916 100 $a20190710j|||||||| ||| 0 101 0 $afre 135 $auu||||||m|||| 200 04$aLes funérailles princières en Europe$eXVIe-XVIIIe siècle. 2. Apothéoses monumentales$fMark Hengerer, Juliusz A. Chro?cicki, Gérard Sabatier 210 $aRennes$cPresses universitaires de Rennes$d2019 215 $a1 online resource (468 p.) 311 $a2-7535-2854-3 330 $aLes tombeaux princiers comptent souvent parmi les chefs-d??uvre de l?art. Dans l?Europe de l?époque moderne, ils prolongent la vie terrestre des souverains par une apothéose monumentale. Cette esthétique de la mort, présente dans toutes les civilisations, ne saurait occulter la motivation première de l?entreprise de monumentalisation : celle du faire mémoire. Comme les rituels de funérailles, l?édification d?un tombeau doit s?analyser en termes de stratégie politique. Prenant acte de la grande diversité des monuments funéraires élevés par les princes dans l?Europe du XVIe au XVIIIe siècle, cet ouvrage s?interroge sur les raisons qui les ont fait naître et sur les significations dont ils ont pu être investis. Ainsi sont abordés les rapports entre tombeau et territoire, tombeau et construction lignagère, tombeau et idéologie monarchique, tombeau et état « moderne ». Au fil des siècles se produit une évolution complexe, si ce n?est contradictoire : désinvestissement de l?espace public de l?église au profit de la nécropole, de la crypte, voire de la sépulture individuelle ou privée ; abandon de la sculpture monumentale de la Renaissance pour l?exaspération rhétorique du sarcophage (aire germanique et nordique), voire renonciation au tombeau de corps et valorisation du monument de c?ur (les Bourbons). L?art funéraire ne disparaît pas pour autant. Il triomphe dans l?éphémère des catafalques, véritable média de la gloire des princes et de l?idéologie monarchique depuis le XVIe siècle. Ce volume est le deuxième d?une trilogie consacrée aux funérailles princières de l?Europe moderne. Le premier, Le grand théâtre de la mort, s?intéresse aux rituels. Le troisième aborde les commémorations et la perception de la mort des rois par l?opinion publique. 606 $aArts & Humanities 606 $aArchitecture 606 $afunérailles 606 $aroyauté 606 $amonument 606 $aarchitecture 606 $atombeau 606 $aroi 606 $asouverain 606 $asépulture 606 $asarcophage 606 $aprince 615 4$aArts & Humanities 615 4$aArchitecture 615 4$afunérailles 615 4$aroyauté 615 4$amonument 615 4$aarchitecture 615 4$atombeau 615 4$aroi 615 4$asouverain 615 4$asépulture 615 4$asarcophage 615 4$aprince 700 $aChro?cicki$b Juliusz A$0694743 701 $ade La Gorce$b Jérôme$01456864 701 $aEngel$b Martin$01456865 701 $aGräf$b Holger Th$01456866 701 $aHengerer$b Mark$0802164 701 $aJohannsen$b Birgitte Bøggild$01454213 701 $aKnöll$b Stefanie$01456867 701 $aKryger$b Karin$01456868 701 $aKuczman$b Kazimierz$01456869 701 $aLe Gall$b Jean-Marie$01287139 701 $aLorente$b Juan Francisco Esteban$01456870 701 $aManero$b María Adelaida Allo$01456871 701 $aMazel$b Claire$01317238 701 $aPapenheim$b Martin$01454737 701 $aPaul$b Benjamin$0766382 701 $aSabatier$b Gérard$01241596 701 $aSchemper-Sparholz$b Ingeborg$01456872 701 $aTelesko$b Werner$0801909 701 $aVarallo$b Franca$024930 701 $aWitko$b Andrzej$01456873 701 $aChro?cicki$b Juliusz A$0694743 801 0$bFR-FrMaCLE 906 $aBOOK 912 $a9910495793703321 996 $aLes funérailles princières en Europe$93657755 997 $aUNINA